000 00744nam a2200193Ia 4500
005 20251020182532.0
008 200515s9999 xx 000 0 und d
082 _a711/L50
100 _aALEXANDER, C.ALLEN, G.ANGEL, S.BEINART, J.BLUMENFELD, H. y otros
245 0 _aEl crecimiento de las ciudades
260 _aBarcelona
260 _c1974
500 _a1 ejemplar
520 _aExamina las fuerzas económicas y sociológicas que causan el crecimiento de las ciudades y condicionan su forma. Por ejemplo, una serie de artículos examina el florecimiento repentino y clandestino de asentamientos precarios en los bordes de las grandes ci
650 _aDISEÑO URBANO
650 _aLIB
650 _aPLANIFICACION URBANA
942 _cLIB
999 _c2119
_d2119